| 000 | 02375nam0a2200433 4500 | ||
|---|---|---|---|
| 001 | RU\NLR\bibl\737583 | ||
| 005 | 20260406063215.0 | ||
| 010 | _a5-02-033525-8 | ||
| 021 |
_aRU _b2004-61260 _93013 |
||
| 035 | _aRSL-KNO-002485034 | ||
| 035 | _a(NLR Aleph) 000727498 | ||
| 090 |
_a741627 _c741627 |
||
| 100 | _a20041005d2004 |||y0rusy50 ca | ||
| 101 | 0 |
_arus _deng |
|
| 102 | _aRU | ||
| 105 | _aa ||||||||| | ||
| 106 | _ar | ||
| 200 | 1 |
_aВеликий сын России _dGreat son of Russia _eК 155-летию со дня рождения и 100-летию присуждения Нобелевской премии И.П. Павлову _fА.И. Григорьев, Н.А. Григорьян _g[Рос. акад. наук, Отд-ние биол. наук, Ин-т истории естествознания и техники им. С.И. Вавилова] _zeng |
|
| 210 |
_aМ. _cНаука _d2004 _gППП Тип. Наука |
||
| 215 |
_a270 с., [17] л. ил., портр., факс. _d21 |
||
| 300 | _aАвт. также на англ. яз.: A.I. Grigoriyev, N.A. Grigorian | ||
| 300 | _aПарал. тит. л. англ. | ||
| 300 | _aРез. на англ. яз. | ||
| 510 | 0 |
_6z22790 _aGreat son of Russia _zeng |
|
| 600 | 1 |
_aПавлов _bИ.П. _f1849 - 1936 _gИван Петрович _91320330 _3RU\NLR\auth\66232577 |
|
| 610 | 0 | _aБиологические науки -- Физиология, биофизика и биохимия животных и человека -- Физиология животных и человека -- Персоналии -- Павлов Иван Петрович (1849-1936) - физиолог -- Популярные издания | |
| 686 |
_aЕ903д(2)Павлов И.П.-2я9 _2rubbk |
||
| 686 | _aЕ903д(2)Павлов | ||
| 700 | 1 |
_4340 _8rus _7ca _aГригорьев _bА. И. _cд-р мед. наук, косм. медицина _f1943-2023 _gАнатолий Иванович _3RU\NLR\AUTH\776786 _9116734 |
|
| 701 | 1 |
_4070 _8rus _7ca _aГригорьян _bН. А. _gНоравард Андреевна _3RU\NLR\auth\7713283 _9122976 |
|
| 790 | 1 |
_6z22 _aGrigoriyev _bA. I. _4070 |
|
| 790 | 1 |
_6z22 _aGrigorian _bN. A. _4070 |
|
| 801 | 0 |
_aRU _bRuMoRKP _c20041005 _grcr |
|
| 801 | 1 |
_aRU _bRuMoRGB _c20041005 |
|
| 801 | 2 |
_aRU _bNLR _c20050321 _gPSBO |
|
| 942 | _cBOOK | ||
| 980 | _aNB | ||